Dohoda medzi Ministerstvom financií - Ústrednou colnou správou SR a Generálnym riaditeľstvom cien Ministerstva financií ČR o dočasnom administratívnom postupe colných orgánov pri dovoze, vývoze a tranzite tovaru v rámci colnej únie Colná únia medzi SR a ČR

Salvato in:
Dettagli Bibliografici
Natura: Libro
Lingua:slovacco
Pubblicazione: Bratislava ŠEVT 1993
Edizione:1. vyd.
Soggetti:
Tags: Aggiungi Tag
Nessun Tag, puoi essere il primo ad aggiungerne!!

MARC

LEADER 00000nam a2200000 4500
001 c004635
005 20221214081944.2
020 |a 80-900930-9-4 
041 0 |a slo 
044 |a SK 
245 1 0 |a Dohoda medzi Ministerstvom financií - Ústrednou colnou správou SR a Generálnym riaditeľstvom cien Ministerstva financií ČR o dočasnom administratívnom postupe colných orgánov pri dovoze, vývoze a tranzite tovaru v rámci colnej únie  |b Colná únia medzi SR a ČR 
250 |a 1. vyd. 
264 1 |a Bratislava  |b ŠEVT  |c 1993 
300 |a 99 s. 
610 2 0 |a únie colné 
610 2 0 |a Česko 
610 2 0 |a Slovensko 
610 2 0 |a dovoz 
610 2 0 |a vývoz 
610 2 0 |a tranzit 
610 2 0 |a dohody colné 
610 2 0 |a legislatíva 
610 2 0 |a 1993